Indian Muslim (s) after liberalization/ (Record no. 172992)

MARC details
000 -LEADER
fixed length control field 00609nam a22001937a 4500
005 - DATE AND TIME OF LATEST TRANSACTION
control field 20200302114601.0
010 ## - LCCN (DPL NO)
LC control number ENG-127885
020 ## - INTERNATIONAL STANDARD BOOK NUMBER
Terms of availability 995.00
International Standard Book Number 9780199489916
035 ## - SYSTEM CONTROL NUMBER
System control number EN-111417
037 ## - SOURCE OF ACQUISITION
Source of stock number/acquisition DBAD/PUB
082 ## - DEWEY DECIMAL CLASSIFICATION NUMBER
Classification number 305.6970954
100 ## - MAIN ENTRY--PERSONAL NAME
Personal name Maidul Islam
245 ## - TITLE STATEMENT
Title Indian Muslim (s) after liberalization/
Statement of responsibility, etc by Maidul Islam
260 ## - PUBLICATION, DISTRIBUTION, ETC. (IMPRINT)
Place of publication, distribution, etc New Delhi
Date of publication, distribution, etc 2019
Name of publisher, distributor, etc Oxford University Press
270 ## - ADDRESS
Address 2/11 Ground Floor,Ansari Road,Dariyaganj
Postal code 110002
City New Delhi
300 ## - PHYSICAL DESCRIPTION
Extent xv;312p.
Other physical details 23(hb)
500 ## - GENERAL NOTE
General note includes bibliographical references and index<br/>
942 ## - ADDED ENTRY ELEMENTS (KOHA)
Source of classification or shelving scheme Dewey Decimal Classification
Item type English Books
Classification part MAI
Call number prefix 305.6970954
Holdings
Withdrawn status Lost status Not for loan Collection code Home library Current library Date acquired Source of acquisition Cost, normal purchase price Full call number Barcode Copy number Cost, replacement price Koha item type
      Non-fiction Central Library Central Library 17/02/2020 DBAD/PUB 995.00 MAI EN-111417 1 995.00 English Books

© Delhi Public Library
Hit Counter
free hit counter